000 01195nam a22003611i 4500
001 196322
003 ES-MaACL
005 20260623174046.0
007 ta
008 240912s1953 fr fre
035 _a(OCoLC)432570880
035 _a(SpMaBN)bimo0001134403
035 _a991047165839708606
040 _aSpMaBN
_bspa
_cA2
_dES-MaACL
080 _a7.01(02)
100 1 _aMalraux, André,
_d1901-1976
_975859
245 1 4 _aLes voix du silence /
_cAndré Malraux.
260 _a[Paris :
_bs.n.,
_c1953]
300 _a657 p., 2 h., 15 lám. ;
_c23 cm
336 _2rdacontent
_atexto
337 _2rdamedia
_asin mediación
338 _2rdacarrier
_avolumen
490 1 _aLa galerie de la pléiade
500 _aLas 15 lam. en color
500 _aGrabs. intercal.
830 3 _9232256
_aLa galerie de la pléiade
852 _aES-MaACL
_cDEPO1
_hDonación: José Manuel Duarte Cendán
_9204040
_jA-15381
903 _9238529
_aDuarte Cendán, José Manuel
_q1
_ednr
942 _n0
_cMONOGRAFIA
999 _c196322
_d196322